|
|
|
|
| LEADER |
00000cam a2200000 7i4500 |
| 001 |
0000283021 |
| 005 |
20241210102259.0 |
| 006 |
a# ###g ###s |
| 007 |
ta |
| 008 |
241210s my s may |
| 040 |
|
|
|a MBPJ
|b eng
|c MBPJ
|e rda
|
| 090 |
0 |
|
|a BAJ 005
|
| 110 |
0 |
|
|a Majlis Bandaraya Petaling Jaya
|e issuing body
|
| 245 |
0 |
0 |
|a CADANGAN BAJET TAHUN 2011 BAHAGIAN SOSIAL, KEBUDAYAAN DAN PELANCONGAN, JABATAN PEMBANGUNAN KEMASYARAKATAN MAJLIS BANDARAYA PETALING JAYA
|c MAJLIS BANDARAYA PETALING JAYA
|
| 264 |
|
0 |
|a Petaling Jaya :
|b Majlis Bandaraya Petaling Jaya
|c 2010
|
| 300 |
|
|
|a 1 volume (various paging) ;
|c 30 cm.
|
| 336 |
|
|
|a text
|2 rdacontent
|
| 337 |
|
|
|a unmediated
|2 rdamedia
|
| 338 |
|
|
|a volume
|2 rdacarrier
|
| 500 |
|
|
|a Dokumen terbitan MBPJ - Bajet (13/11/2019)
|
| 999 |
|
|
|a BA0137/20
|b DOKUMEN TERBITAN MBPJ
|c KOLEKSI BAHAN ARKIB
|e PERPUSTAKAAN KOMUNITI PETALING JAYA
|